Economía a contramano : cómo entender laeconomía política /
Guardado en:
| Autor Principal: | |
|---|---|
| Formato: | Libro |
| Publicado: |
Buenos Aires :
Planeta,
2013
|
| Edición: | 4a. ed. |
| Materias: | |
| Etiquetas: |
Agregar Etiqueta
Sin Etiquetas, Sea el primero en etiquetar este registro!
|
| LEADER | 00926nam a22002295a 4500 | ||
|---|---|---|---|
| 001 | CEM.cems014038 | ||
| 005 | 20131021112909.0 | ||
| 008 | 130507s2013##################000#0#####d | ||
| 003 | CEMS | ||
| 020 | |a 9789504930150 | ||
| 082 | 0 | 4 | |a 330.982 |
| 100 | 1 | |a Zaiat, Alfredo | |
| 245 | 1 | 0 | |a Economía a contramano : |b cómo entender laeconomía política / |c Alfredo Zaiat |
| 250 | |a 4a. ed. | ||
| 260 | |a Buenos Aires : |b Planeta, |c 2013 | ||
| 300 | |a 320 p. | ||
| 505 | 0 | |a Toda economía es política, ese es el eje transversal sobre el que Alfredo Zaiat nos enseña a interpelar los postulados más convencionales para poder entender cómo los procesos políticos de la Argentina transitan por la economía, no como modelos, sino como proyectos de país | |
| 653 | |a Historia | ||
| 653 | |a Economía argentina | ||
| 653 | |a Política argentina | ||
| 653 | |a Economía | ||
| 859 | |a CEMS |b BIB. CEMS - 11 de abril |h 330.982 |i Z135 |p 26702.13 |t Ej.1 | ||
